[Event "Tromsoe NNM Class2"]
[Site "Tromsoe"]
[Date "2017.06.05"]
[Round "6"]
[White "Johnsen, Morten"]
[Black "Steinnes, Simon"]
[Result "1-0"]
[WhiteElo "1464"]
[BlackElo "1729"]
[PlyCount "67"]
[EventDate "2017.06.02"]
[EventType "swiss"]
[EventRounds "6"]
[EventCountry "NOR"]
[SourceTitle "EXT 2024"]
[Source "ChessBase"]
[SourceDate "2023.10.10"]
[SourceVersion "1"]
[SourceVersionDate "2023.10.10"]
[SourceQuality "1"]

1. d4 d5 2. c4 e6 3. Nc3 Nf6 4. Nf3 Nbd7 5. Bg5 c6 6. e3 Qa5 7. Bd3 Bb4 8. Qc2 Ne4 9. Bxe4 dxe4 10. Nd2 Qxg5 11. Qxe4 0-0 12. 0-0 Re8 13. f4 Qf5 14. Qxf5 exf5 15. Rae1 Bxc3 16. bxc3 Nf6 17. h3 b6 18. Rf2 Ne4 19. Nxe4 Rxe4 20. Rb2 c5 21. Kf2 Ba6 22. Rd2 Bxc4 23. dxc5 bxc5 24. Kf3 Rae8 25. a3 Kf8 26. Rd7 a6 27. Rc7 Bd5 28. Kf2 Rc4 29. Rd1 Be6 30. Rd3 Rb8 31. Rc6 Rb2+ 32. Kf3 Rc2 33. Rc7 R4xc3 34. Rd8# 1-0

[Event "NOR-ch Class5"]
[Site "Oslo"]
[Date "2015.07.08"]
[Round "6"]
[White "Johnsen, Morten"]
[Black "Kosberg, Stian"]
[Result "1-0"]
[WhiteElo "822"]
[BlackElo "615"]
[PlyCount "99"]
[EventDate "2015.07.04"]
[EventType "swiss"]
[EventRounds "9"]
[EventCountry "NOR"]
[SourceTitle "EXT 2017"]
[Source "ChessBase"]
[SourceDate "2016.10.25"]
[SourceVersion "1"]
[SourceVersionDate "2016.10.25"]
[SourceQuality "1"]

1. d4 d6 2. e4 g6 3. b3 Bg7 4. Bb2 e6 5. Nc3 a6 6. Nf3 Ne7 7. a4 b6 8. Bc4 h6 9. d5 e5 10. h3 f5 11. g3 g5 12. Nd2 Ng6 13. Qh5 Qf6 14. Qf3 f4 15. Ne2 0-0 16. 0-0-0 Bd7 17. gxf4 Nxf4 18. Nxf4 Qxf4 19. Qxf4 Rxf4 20. f3 b5 21. axb5 Bxb5 22. Bf1 Bxf1 23. Rdxf1 Nd7 24. c4 a5 25. Ba3 Nc5 26. Kc2 Rff8 27. Bxc5 dxc5 28. Rb1 Rfb8 29. h4 a4 30. Kb2 Kf7 31. Ka2 axb3+ 32. Kb2 Ra2+ 33. Kc3 b2 34. Nb3 Bf8 35. Rxb2 Rxb2 36. Kxb2 Kg6 37. hxg5 hxg5 38. Rg1 Be7 39. Kc3 Kf7 40. Na5 Kf6 41. Nc6 Re8 42. Nxe7 Rxe7 43. Ra1 Rd7 44. Ra8 Rg7 45. Ra6+ Ke7 46. Rc6 Rf7 47. Rxc7+ Ke8 48. Rxf7 Kxf7 49. Kb3 Ke7 50. Ka4 1-0